NBA 2017 Playoffs Starters - Statistics

General Stats
  • This quiz has been taken 7,092 times
    4,025 since last reset
  • The average score is 46 of 80
Answer Stats
Team Player % Correct
Cavaliers LeBron James
97%
Warriors Klay Thompson
96%
Cavaliers Kyrie Irving
96%
Warriors Stephen Curry
95%
Warriors Draymond Green
94%
Cavaliers Tristan Thompson
94%
Warriors Kevin Durant
93%
Spurs Danny Green
92%
Bucks Giannis Antetokounmpo
92%
Rockets James Harden
92%
Cavaliers Kevin Love
91%
Thunder Russell Westbrook
91%
Trail Blazers Damian Lillard
90%
Clippers Chris Paul
89%
Spurs Kawhi Leonard
89%
Raptors DeMar DeRozan
88%
Wizards John Wall
88%
Raptors Kyle Lowry
88%
Wizards Bradley Beal
87%
Cavaliers J.R. Smith
86%
Clippers Blake Griffin
85%
Pacers Paul George
85%
Grizzlies Marc Gasol
82%
Spurs Pau Gasol
82%
Celtics Al Horford
81%
Clippers DeAndre Jordan
81%
Bucks Khris Middleton
81%
Spurs Tony Parker
80%
Celtics Isaiah Thomas
78%
Grizzlies Mike Conley
77%
Jazz Rudy Gobert
77%
Trail Blazers CJ McCollum
75%
Thunder Steven Adams
74%
Rockets Clint Capela
69%
Bulls Jimmy Butler
69%
Bulls Robin Lopez
69%
Spurs LaMarcus Aldridge
66%
Warriors Zaza Pachulia
62%
Hawks Paul Millsap
60%
Raptors Jonas Valanciunas
59%
Pacers Jeff Teague
58%
Jazz Gordon Hayward
56%
Raptors Serge Ibaka
56%
Grizzlies Zach Randolph
56%
Trail Blazers Evan Turner
54%
Wizards Marcin Gortat
54%
Pacers Myles Turner
54%
Thunder Victor Oladipo
53%
Clippers J.J. Redick
51%
Bulls Dwyane Wade
47%
Celtics Avery Bradley
46%
Celtics Amir Johnson
44%
Celtics Jae Crowder
43%
Hawks Dwight Howard
42%
Bulls Rajon Rondo
42%
Rockets Trevor Ariza
41%
Pacers Thaddeus Young
40%
Thunder Andre Roberson
39%
Jazz George Hill
38%
Wizards Otto Porter Jr.
38%
Hawks Dennis Schroder
37%
Wizards Markieff Morris
34%
Rockets Patrick Beverley
32%
Bucks Malcolm Brogdon
31%
Jazz Joe Ingles
27%
Raptors DeMarre Carroll
25%
Rockets Ryan Anderson
23%
Grizzlies Vince Carter
21%
Thunder Taj Gibson
20%
Bulls Nikola Mirotic
15%
Hawks Taurean Prince
14%
Jazz Boris Diaw
13%
Trail Blazers Maurice Harkless
12%
Pacers C.J. Miles
11%
Clippers Luc Mbah A Moute
11%
Bucks Thon Maker
10%
Bucks Tony Snell
8%
Hawks Tim Hardaway Jr.
7%
Grizzlies James Ennis
3%
Trail Blazers Noah Vonleh
3%
No matching quizzes found
Score Distribution
Percent of People with Each Score
Percentile by Number Answered
Your Score History
You have not taken this quiz since the last reset